Circuitos lógicos de estado sólido: guía de diseño
Aborda la importancia de la tecnología de los circuitos lógicos debido a que gracias a ellos contamos con eficientes sistemas de conmutación telefónica utilizados en comunicaciones, computadoras capaces de realizar cálculos que nos llevarían día en segundos
| Main Author: | |
|---|---|
| Other Authors: | |
| Format: | Tesis Section = Libro |
| Language: | Undetermined Spanish |
| Published: |
Guatemala
UNI
1973
|
| Subjects: |
| LEADER | 00899nam a2200217Ia 4500 | ||
|---|---|---|---|
| 008 | 240830s9999 xx 000 0 und d | ||
| 040 | |a BIBLIOTECA-RUSB/ Mon 621.38132 M534 | ||
| 041 | |a spa | ||
| 082 | |a Mon 621.38132 M534 | ||
| 100 | 1 | |a Mena Mansilla, Edgar Rene | |
| 245 | 1 | 0 | |a Circuitos lógicos de estado sólido: guía de diseño |
| 260 | |a Guatemala |b UNI |c 1973 | ||
| 300 | |a 61 p. :il. | ||
| 502 | |a Tesis (Ingeniero Electricista) - UNI, 1973. | ||
| 520 | 3 | |a Aborda la importancia de la tecnología de los circuitos lógicos debido a que gracias a ellos contamos con eficientes sistemas de conmutación telefónica utilizados en comunicaciones, computadoras capaces de realizar cálculos que nos llevarían día en segundos | |
| 650 | 7 | |a DISEÑO DE CIRCUITOS | |
| 650 | 7 | |b NGENIERIA ELECTRONICA | |
| 700 | 1 | |a Tutor: |b Osorio, César | |
| 942 | |c BK |2 ddc | ||
| 991 | |a TESIS | ||
| 999 | |c 20246 | ||